Responses for Show #5874 - Thursday, March 11, 2010

Contestants

[<< previous game]

Ryan Stander, a college student from Liberty, Missouri

Leslie Sommer, a web developer from Kensington, California

Cyd Musni, a customer care representative from Orlando, Florida (whose 1-day cash winnings total $11,199)

[next game >>]

Jeopardy! Round responses

DIET & EXERCISE BOOKS
FILLING FOODS
WOMEN'S GROUPS
STATES' MOST POPULOUS CITIES
THE WIZARD
OF "OZ"
    $200 6
The Biggest Loser

Ryan
    $200 26
egg

Ryan
    $200 21
(Ryan: What are the National Archives?)

the Daughters of the American Revolution

LeslieRyan
    $200 7
Philadelphia

Leslie
    $200 1
Gandalf

Cyd
    $200 14
a bozo

Leslie
    $400 11
Pilates

Leslie
    $400 27
chicken

Cyd
    $400 22
the Girl Scouts

Leslie
    $400 8
Portland

Leslie
    $400 2
Conan

Ryan
    $400 15
frozen

Triple Stumper
    $600 12
South Beach

Leslie
    $600 28
(Cyd: What are beans?)

orange

CydRyan
    $600 23
(Leslie: What is NOW?)

MADD (Mothers Against Drunk Driving)

Leslie
Triple Stumper
    $600 9
(Leslie: What is Dallas?)

Houston

LeslieRyan
    $600 3
The Wiz

Ryan
    $600 16
a bulldozer

Leslie
    $800 13
(Jim) Fixx

Cyd
    $800 29
(Ryan: What is collard?)

mustard

LeslieRyan
    $800 24
Delta Delta Delta

Leslie
    $800 10
(Leslie: What is Nashville?)

Memphis

CydLeslie
    $800 4
Waverly Place

Ryan
    $800 17
a lozenge

Ryan
    $1,000 19
gluten

Cyd
    $1000 30
jelly

Leslie
    $1000 25
Job's Daughters

Triple Stumper
    $1000 18
Newark

Cyd
    $1000 5
Excalibur

Cyd
    $1000 20
protozoa

Leslie

Scores at the first commercial break (after clue 15):

Cyd Leslie Ryan
$2,800 $400 $2,600

Scores at the end of the Jeopardy! Round:

Cyd Leslie Ryan
$4,600 $4,600 $3,200

Double Jeopardy! Round responses

19th CENTURY AFRICA
THE NFL
PLAY TIME
FLORAL PATTERNS
BIBLICAL MEGADEATHS
DAMAGES
(Glenn Close: I'm Glenn Close. I play powerful attorney Patty Hewes on Damages, and you'd better hope you know something about the law.)
    $400 21
the Ottoman Empire

Ryan
    $400 2
(Dan) Marino

Cyd
    $400 7
Driving Miss Daisy

Cyd
    $400 26
the lily

Cyd
    $400 1
Gideon

Cyd
    $400 12
a class action

Leslie
    $800 22
Addis Ababa

Ryan
    $800 3
(Jim) Thorpe

Cyd
    $3,000 8
(Cyd: Who is...)
(Alex: Say something.)
(Cyd: Wh-who is...
[mumbling indistinctly]
Who is Deo Volente?)
(Alex: No. I thought you were trying to start the word with "E". Eh-Eh-[*].)

Emily Dickinson

Cyd
    $800 27
violet

Cyd
    $800 17
Esther

Ryan
    $800 13
a settlement

Ryan
    $1200 23
(Leslie: What is Portugal?)

Morocco

LeslieRyan
    $1200 4
the Broncos

Cyd
    $1200 9
the House Un-American Activities Committee

Cyd
    $1200 28
primrose

Cyd
    $1200 18
the Ark of the Covenant

Ryan
    $1200 14
the jury

Ryan
    $1600 24
(Alex: Correct, with about a minute to go.)

Timbuktu

Ryan
    $1600 5
Tulane

Cyd
    $1600 10
Inherit the Wind

Leslie
    $1600 29
(Leslie: What is coming up daisies?)

coming up roses

CydLeslie
    $1600 19
the Philistines

Ryan
    $1600 15
(Cyd: What is statutory?)

punitive

CydLeslie
    $2000 25
[No applause for Ryan's run of the category]

(Cecil) Rhodes

Ryan
    $3,600 6
(Alex: [*], yes, leaving St. Louis. They're now known as the Arizona Cardinals.)

the Phoenix Cardinals

Cyd
    $2000 11
Clifford Odets

Triple Stumper
    $2000 30
morning glory

Leslie
    $2000 20
Assyria

Ryan
    $2000 16
chambers

Cyd

Scores at the end of the Double Jeopardy! Round:

Cyd Leslie Ryan
$15,600 $7,400 $16,800

[wagering suggestions for these scores]

Final Jeopardy! Round responses

THE NUCLEAR AGE
LeslieWhat is France
$7,358
CydWhat is the United States?
$15,599
RyanWhat is France
$8,400
the United States

Final scores:

Cyd Leslie Ryan
$31,199 $42 $8,400
2-day champion: $42,398 3rd place: $1,000 2nd place: $2,000

Game dynamics:

Coryat scores:

Cyd Leslie Ryan
$17,000 $7,400 $16,800
20 R
(including 2 DDs),
3 W
(including 1 DD)
16 R,
5 W
19 R,
2 W

Combined Coryat: $41,200

[game clues] [game scores] [suggest correction]

Game tape date: 2009-12-16
The J! Archive is created by fans, for fans. Scraping, republication, monetization, and malicious use prohibited; this site may use cookies and collect identifying information. See terms. The Jeopardy! game show and all elements thereof, including but not limited to copyright and trademark thereto, are the property of Jeopardy Productions, Inc. and are protected under law. This website is not affiliated with, sponsored by, or operated by Jeopardy Productions, Inc. Join the discussion at JBoard.tv.